000 00559nam a2200181Ia 4500
005 20260415160356.0
008 008 250505s9999 xx 000 0 eng d
037 _aTextual
040 _aFEDL
_beng
_cFEDL
041 _aeng
_2eng
084 _a370.1 FIN
_qFEDL
100 _aFindlay J. J.
245 0 _aFoundations of education : A survey of principles and projects. 2 vols
260 _aLondon, UK
_bUniversity of London Press
650 _aEducation - Philosophy
942 _cTEXL
_h370.1 FIN
999 _c1322233
_d1322233